000 00386nam a2200169Ia 4500
008 221030s9999 xx 000 0 und d
020 _a8120314921
041 _aEnglish
082 _a105.23
_bDe
100 _aN. K. De
245 0 _aElectric Drives
_cby N. K. De, P. K. Sen
260 _bPHI
_aNew Delhi
_c2003
300 _a314
650 _aEE
700 _aP. K. Sen
942 _cBK
999 _c8533
_d8533